Normal view
MARC view
- Nchumbeni M Odyuo
Entry Personal Name
001 - CONTROL NUMBER
- control field: 4913
003 - CONTROL NUMBER IDENTIFIER
- control field: OSt
005 - DATE AND TIME OF LATEST TRANSACTION
- control field: 20210324140129.0
008 - FIXED-LENGTH DATA ELEMENTS
- fixed length control field: 210324|| aca||aabn | a|a d
040 ## - CATALOGING SOURCE
- Original cataloging agency: OSt
- Transcribing agency: OSt
100 ## - HEADING--PERSONAL NAME
- Personal name: Nchumbeni M Odyuo
670 ## - SOURCE DATA FOUND
- Source citation: Work cat.: (OSt): Nchumbeni M Odyuo, Modelling the impact of land use land cover changes on th runoff processes of Chalakudy basin using HEC-HMS model, 2020
